| 000 | 00506cam a2200193ua 4500 | ||
|---|---|---|---|
| 005 | 20260515113735.0 | ||
| 008 | 111222n ii |||gr||||Z||||||asm | ||
| 040 |
_cMAIN _aIN-DiNC |
||
| 082 |
_a780 _bGOG |
||
| 100 |
_aGogoi, Lila, _eauthor |
||
| 245 | 1 | 1 |
_aBihugeet aru banghosha/ _cby Lila Gogoi |
| 250 | _a2nd. | ||
| 260 |
_aGuwahati: _bLawyers book stall, _c2014. |
||
| 300 | _c270p. | ||
| 650 | _aAssamese Bihu songs | ||
| 653 | _aAssamese song | ||
| 653 | _aBihugeet aru banghosha | ||
| 942 |
_cBK _2ddc |
||
| 999 |
_c3672 _d3672 |
||